Yokai watch 2 : nouveaux Yokais par images - Statistiques

Statistiques générales
  • Ce quiz a été pris 43 fois
    13 depuis la dernière actualisation
  • Le résultat moyen est 123 sur 194
Statistiques - réponses
Par images Réponse % Correct
Jibanyan S
100%
Komajiro S
100%
Komasan S
100%
Brumella
89%
Coach Antonic
89%
Déballerine
89%
Grolos
89%
Hovernyan
89%
Jetnyan
89%
Kiwinyan
89%
Lady Perpetua
89%
Non Non
89%
Oranyan
89%
Robonyan F
89%
Ultramax K
89%
Ultramax N
89%
Arachnus
78%
Bakuku
78%
Boucanyan
78%
Bouh
78%
Brumette
78%
Chymère
78%
Chyper
78%
Crapop
78%
Démophage
78%
Donchan
78%
Draconfus
78%
Dracunyan
78%
Extrabuki
78%
Faux Kappa
78%
Filomène
78%
Jibakoma
78%
Lady demona
78%
Maitre Nyada
78%
Maitre Oden
78%
Melonyan
78%
Narinos
78%
Onigirix
78%
Pleurapluie
78%
Poilux
78%
Potache
78%
Robocap
78%
Robocorniot
78%
Robokoma
78%
Robonoko
78%
Sailornyan
78%
Samoussrai
78%
Sireine Mère
78%
Slurpent
78%
Suinthan
78%
Trépigno
78%
Vampéric
78%
Vigninyan
78%
Agonigiri
67%
Appélicain
67%
Arachnia
67%
Barbefrousse
67%
Buchinyan
67%
Chomino
67%
Compte Zapzap
67%
Couchtar
67%
Darknyan
67%
Ed Mémoire
67%
Felipaix
67%
Fielippine
67%
Firmain
67%
Fou Kappa
67%
Fumella
67%
Gambeth
67%
Gastong
67%
Geeko
67%
Gloups
67%
Herbert
67%
Humainequin
67%
Jalouseriz
67%
Kappadissi
67%
Lady Maggie
67%
Laure
67%
Lulutin
67%
Luminoct
67%
Maranyan
67%
Marge
67%
Maudieuse
67%
Meganyan
67%
Mémogre
67%
Métareaulog
67%
Métaureaulog
67%
M felipaix
67%
Millyeux
67%
Mlle Coucou
67%
Mlle Courroux
67%
Mme Papilla
67%
Obskyurbi
67%
Ornella
67%
Papilla
67%
Parantonn
67%
Parasolal
67%
Pastenyan
67%
Pépésbrouf
67%
Petit Panja
67%
Poil Emile
67%
Robodracou
67%
Robopapéti
67%
Ronimpec
67%
Sabrille
67%
Sabruine
67%
Salle De Bain
67%
Sirénée
67%
Tauracle
67%
Triptic tac
67%
Trodésolé
67%
Vitto
67%
Yokoeil
67%
Yvantouse
67%
Zikafon
67%
Adolfo jeton
56%
Amédélègue
56%
Antonerre
56%
Blingos
56%
Bogoss
56%
Bon Huii
56%
Carnanova
56%
Charivari
56%
Crampaud
56%
Domniscian
56%
Egare Dare
56%
Fanfanfaron
56%
Fatalutin
56%
Gale De Bain
56%
Grégrigry
56%
Hatila
56%
Infiniris
56%
Injustin
56%
Ivanupied
56%
Komak
56%
Kyrycorne
56%
Kyryn
56%
Mabouhl
56%
Maribass
56%
Maskonyan
56%
Maudicko
56%
Maximain
56%
Mélobè
56%
Mont Merci
56%
Mythovni
56%
pachypipi
56%
Pariasolal
56%
Poulpatouch
56%
Poulux
56%
Précyeux
56%
Raltesse
56%
Rapiaf
56%
Savantard
56%
Scarasol
56%
Scolérique
56%
Scoltine
56%
Sinisrénée
56%
Sirénité
56%
Snobéa
56%
Sornella
56%
Taprice
56%
Thénuki
56%
Timours
56%
Tourboeillon
56%
Traviolette
56%
Tromploeil
56%
Ambrozio
44%
Avallée
44%
Babarouf
44%
Barbebluff
44%
Barrakeda
44%
Chip Chop
44%
Cycloptique
44%
Geigneau
44%
Jérémya
44%
Jiganyan
44%
Mariotte
44%
Noctambill
44%
Pardomino
44%
Pfffuji
44%
Poulpater
44%
Samuren
44%
Sumodon
44%
Verrascible
44%
Canastelle
33%
Lacanne
33%
Soupotori
33%
Valentino
33%
Alguacarena
22%
Krakatouaaah
22%
Anguine
11%
Flambert
11%
Malcibiade
11%
Panja Pro
11%
Aucun quiz correspondant
Distribution des résultats
% des personnes avec chaque résultat
Percentile par nombre de réponses
Votre historique - résultats
Vous n’avez pas pris ce quiz depuis la dernière actualisation